| 000 | 01275nam0a22002651 4500 | ||
|---|---|---|---|
| 001 | rc\4496463 | ||
| 005 | 20260408012918.0 | ||
| 021 |
_aRU _bРг7646-63 |
||
| 035 | _a(NLR Aleph) 008340195 | ||
| 090 |
_a8872454 _c8872454 |
||
| 100 | _a20130416d1963 |||y0rusy50 ca | ||
| 101 | 0 | _arus | |
| 102 | _aRU | ||
| 105 | _ay z ||||| | ||
| 200 | 1 |
_aПоложение об организации производственного обучения учащихся средних школ Куйбышевской области, работающих по сельскому профилю _fКуйбышевский обл. ин-т усовершенствования учителей |
|
| 210 |
_aКуйбышев _cБ. и. _d1963 |
||
| 215 |
_a7 с. _d20 |
||
| 225 | 1 | _aШкола и жизнь | |
| 710 | 0 | 2 |
_aКуйбышевское областное управление производства и заготовок сельскохозяйственных продуктов _3RU\NLR\AUTH\8810175242 _9846525 |
| 712 | 0 | 2 |
_aКуйбышевский областной отдел народного образования _3RU\NLR\AUTH\8810025408 _9549061 |
| 801 | 0 |
_aRU _bNLR _gpsbo |
|
| 801 | 1 |
_aRU _bELAR _2rusmarc |
|
| 852 |
_aNLR _j63-4/16109 |
||
| 942 | _cBOOK | ||
| 980 | _aNB | ||